| 000 | 00821nam a2200229Ia 4500 | ||
|---|---|---|---|
| 001 | Z_6037 | ||
| 008 | 220601s9999 xx 000 0 und d | ||
| 020 | _a978-607-12-0064-8 | ||
| 082 | _a630.71 L67 | ||
| 100 |
_aLópez Méndez, Sinecio _968133 |
||
| 245 | _a1988-2008. 20 años de Chapingo en la región del Totonacapan \ Sinecio López Méndez; coautor Bernardino Mata García | ||
| 260 | _aMéxico : Universidad Autónoma Chapingo; CIISMER | ||
| 300 | _a125 p. | ||
| 503 | _aej.1: | ||
| 650 |
_a1.Educación agrícola 2.Totonacapan - Desarrollo social 3.Totonacapan - Desarrollo economíco _9183094 |
||
| 700 |
_aI. Mata García, Bernardino, coaut.Ì _9183095 |
||
| 901 | _a630.71 L67 | ||
| 902 | _aA | ||
| 905 | _a0000002008 mx bd 0000000000spa00 | ||
| 942 | _c1 | ||
| 999 |
_c217043 _d217043 |
||